000 00680nam a22002657a 4500
001 BR0503596
003 BR-BrBNA
005 20230928101957.0
007 ta
008 230509b bl.||||| |||| 00| 0 por d
040 _aBR-BrBNA
_bpor
_cBiblioteca Nacional de Agricultura
041 _a(Por)
072 _aL70
_b5100
090 _ 5100 BR0503596
100 1 _aFábregas, H.
245 1 _aTransfusão de sangue nos eqüinos
260 3 _aPorto Alegre, RS (Brasil):
_c1945.
300 _a22 p.
500 _a10 ref.; 5 illus.
650 _aEQÜINO
650 _aTRANSFUSÃO SANGUINEA
650 _aVETERINÁRIA
909 _a202309
_bLucia
_c55
_dLucia Elande
942 _cBK
999 _c68526
_d68526